• 首页
  • 本馆介绍
  • 公告通知
  • 最新文献
  • 馆藏检索
  • 电子资源
  • 读者导购
  • 参考咨询
  • 我的图书馆
  • 登录
  • 详细信息显示
  • 放入我的书架
  • 预约/预借图书
  • 作者相关作品
  • 分类相关作品
  • 丛书相关作品
  • 出版社相关作品

书目信息

  • 表格格式
  • 工作单格式
  • 卡片格式
题名:
中国政府内部控制理论构建与标准研究
    
 
作者: 唐大鹏 著
分册:  
出版信息: 大连   东北财经大学出版社  2021.5
页数: 171页
开本: 24cm
丛书名: 三友会计论丛
单 册:
中图分类: F239.44
科图分类:
主题词: 政府审计--zheng fu shen ji--内部审计--研究--中国
电子资源:
ISBN: 978-7-5654-4178-3
000 01642oam2 2200277 450
001 2131737631
005 20210930094331.0
010    @a978-7-5654-4178-3@dCNY48.00
100    @a20210706d2021 em y0chiy0120 ea
101 0  @achi
102    @aCN@b210000
105    @aa z 001yy
106    @ar
200 1  @a中国政府内部控制理论构建与标准研究@Azhong guo zheng fu nei bu kong zhi li lun gou jian yu biao zhun yan jiu@dResearch on the theory construction and standard system of Chinese government internal control@f唐大鹏著@zeng
210    @a大连@c东北财经大学出版社@d2021.5
215    @a171页@c图@d24cm
225 2  @a三友会计论丛@Asan you hui ji lun cong@h第18辑
300    @a“十二五”辽宁省重点图书出版规划项目
330    @a本研究结合国家治理和依法治国、公共风险与公共风险、公共管理与公共财政、政府治理与内部控制相关理论基础,采用规范研究与实证研究相结合的研究方法,通过科学的理论推演、政策分析和文献研究以及法律法规对标、问卷调查、实地调研和个案研究等方法得出阶段性研究结论。首先,本研究认为政府内部控制标准体系的构建应重点关注来两方面内容(“纵向到底”和“横向到边”):一方面,“纵向到底”是指明细界定政府内部控制主体,政府内部控制制度与单位内部控制制度相比具有管理主体更广泛、更全面的制度优势,其不再仅仅是针对微观主体的单位内部控制,而是扩展为以宏观的“大政府”为主体的内部控制。
461  0 @12001 @a三友会计论丛
510 1  @aResearch on the theory construction and standard system of Chinese government internal control@zeng
606 0  @a政府审计@Azheng fu shen ji@x内部审计@x研究@y中国
690    @aF239.44@v5
701  0 @a唐大鹏@Atang da peng@4著
801  0 @aCN@b百万庄@c20210929
905    @b1303450-53@dF239.44@e713@f4
    
    中国政府内部控制理论构建与标准研究=Research on the theory construction and standard system of Chinese government internal control/唐大鹏著.-大连:东北财经大学出版社,2021.5
    171页:图;24cm.-(三友会计论丛.第18辑)
    “十二五”辽宁省重点图书出版规划项目
    
    ISBN 978-7-5654-4178-3:CNY48.00
    本研究结合国家治理和依法治国、公共风险与公共风险、公共管理与公共财政、政府治理与内部控制相关理论基础,采用规范研究与实证研究相结合的研究方法,通过科学的理论推演、政策分析和文献研究以及法律法规对标、问卷调查、实地调研和个案研究等方法得出阶段性研究结论。首先,本研究认为政府内部控制标准体系的构建应重点关注来两方面内容(“纵向到底”和“横向到边”):一方面,“纵向到底”是指明细界定政府内部控制主体,政府内部控制制度与单位内部控制制度相比具有管理主体更广泛、更全面的制度优势,其不再仅仅是针对微观主体的单位内部控制,而是扩展为以宏观的“大政府”为主体的内部控制。
●
相关链接 在E读中查询图书 在五车中查询图书 在当当中查询图书 在豆瓣中查询图书


正题名:中国政府内部控制理论构建与标准研究     索取号:F239.44/713         预约/预借

序号 登录号 条形码 馆藏地/架位号 状态 备注
1 1303450   213034508   第一样本阅览室/ [索取号:F239.44/713] 在馆    
2 1303451   213034517   第一借阅区/ [索取号:F239.44/713] 在馆    
3 1303452   213034526   第一借阅区/ [索取号:F239.44/713] 在馆    
4 1303453   213034535   第一借阅区/ [索取号:F239.44/713] 在馆    
唐山师范学院图书馆 欢迎您!
大连网信软件有限公司© 版权所有